000 00325nam a22001337a 4500
008 170330b xxu||||| |||| 00| 0 eng d
020 _a076783004955
041 _aeng
080 _a616-053.2
100 _a8
101 _aSHM
245 _aNO EASY THE LEARNING DISABLED CHILD AT HOME AND SCHOOL
_cSMITH.S.L
942 _2udc
_cBK
999 _c9062
_d9062